Name all London Overground Train Stations - Statistics

General Stats
  • This quiz has been taken 595 times
  • The average score is 43 of 82
Answer Stats
Hint Answer % Correct
Clapham Junction
75%
Willesden Junction
66%
Richmond
65%
London Euston
64%
New Cross
64%
New Cross Gate
63%
Stratford
63%
Watford Junction
63%
Canada Water
62%
Crystal Palace
62%
Highbury and Islington
62%
Dalston Junction
59%
Kew Gardens
59%
Shoreditch High Street
59%
Barking
58%
Gunnersbury
58%
Hackney Central
58%
Hoxton
58%
Peckham Rye
58%
Wapping
58%
Whitechapel
58%
Hackney Wick
57%
Shepherd's Bush
57%
Wembley Central
57%
West Croydon
57%
Harrow and Wealdstone
56%
Kensington (Olympia)
56%
Kenton
56%
South Kenton
56%
Camden Road
55%
Rotherhithe
55%
West Brompton
55%
Acton Central
54%
Brondesbury
54%
Bushey
54%
Haggerston
54%
North Wembley
54%
West Hampstead
54%
Dalston Kingsland
53%
Gospel Oak
53%
Queens Road Peckham
53%
Shadwell
53%
Sydenham
53%
Clapham High Street
52%
Kensal Rise
52%
Queens Park
52%
Penge West
51%
South Acton
51%
Surrey Quays
51%
Watford High Street
51%
Anerley
50%
Brondesbury Park
50%
Denmark Hill
50%
Forest Hill
50%
Hampstead Heath
50%
Harlesden
50%
Hatch End
50%
Imperial Wharf
50%
Kentish Town West
50%
Kilburn High Road
50%
Stonebridge Park
50%
Wandsworth Road
50%
Norwood Junction
49%
South Hampstead
49%
Caledonian Road and Barnsbury
48%
South Tottenham
48%
Blackhorse Road
47%
Honor Oak Park
47%
Leytonstone High Road
47%
Brockley
46%
Finchley Road and Frognal
46%
Walthamstow Queens Road
46%
Carpenders Park
45%
Headstone Lane
45%
Homerton
45%
Leyton Midland Road
44%
Wanstead Park
42%
Crouch Hill
38%
Harringay Green Lanes
38%
Woodgrange Park
38%
Cannonbury
37%
Upper Holloway
30%
No matching quizzes found
Score Distribution
Percent of People with Each Score
Percentile by Number Answered
Your Score History
You have not taken this quiz